000 02040nam a2200313 a 4500
001 BRCA_2435
005 20190320203816.0
008 141108s1797----sp-a---###---#000-0dspa-u
041 _aspa
044 _asp
084 _a075
_b.R43
_c1797
100 1 _aCervantes Saavedra, Miguel de
_d1547-1616
_9213
245 1 0 _aEl Ingenioso Hidalgo Don Quixote de la Mancha
_ccompuesta por Miguel de Cervantes Saavedra.
260 _aMadrid
_bImprenta Real
_c1797
300 _a6 v.
_bil.
_c13 cm.
500 _aContenido : v 1. Primera parte. Dedicatoria y advertencia del editor. Retrato de Cervantes. Noticia de la vida y obra del autor. Versos preliminares. -- v 2. Texto. -- v 3. Texto. -- v 4. Segunda parte. Dedicatoria. Prólogo del autor. Texto. -- v 5. Texto. -- v 6. Texto
500 _aBella edición, cuyo texto está arreglado conforme a las ediciones publicadas por la Academia; las supera en corrección. Primera tan diminuta. Contiene la vida de Cervantes, escrita por Manuel Quintana con propiedad y justicia. El retrato de Cervantes es dibujo de J. López Enguídanos, y las demás ilustraciones pertenecen a Antonio Rodríguez, quien demuestra ser bastante buen dibujante. La impresión esmerada y buen papel contribuyen a poner esta edición entre las más bonitas de cuantas se imprimieron en España durante los siglos XVII y XVIII. Ejemplar desgastado, encuadernado en piel. Lomeras y cubiertas adornadas con filetes dorados Lúdovik Osterc
500 _aEstado físico : Los volumenes 1 y 6 de esta edición presentan la cubierta desprendida
500 _aCon ex-libris de : Thomas Selwel
500 _aQM59
650 1 4 _aNovela española
_yÉpoca clásica, 1500-1700
_9215
650 1 4 _aLiteratura española
_yÉpoca clásica, 1500-1700
_9216
650 1 4 _aNovela española
_ySiglo XVII
_9217
650 1 4 _aDon Quijote (Personaje ficticio)
_eNovela
_9218
700 1 _aQuintana, Manuel José
_d1772-1857
_eBiógrafo
_97119
740 0 _aEl Ingenioso Hidalgo Don Quijote de la Mancha
902 _aQFM
942 _2lcc
_cB
999 _c2176
_d2176